000 00853cam a2200217 4500
001 WB3842-06
008 021113n2002 000 0 eng u
035 _a(Sirsi) u120441
245 _aRural communities need affordable homes
260 _c2002
490 _aODPM News Release
_v(117) 8 November 2002 (3)
520 _aHousing, Planning and Regeneration Minister Jeff Rooker announced that rural communities need their own version of an urban renaissance to prevent an affordable housing crisis. Factors such as rising house prices, and low wages have affected rural communities in recent years. http://www.odpm.gov.uk/news/0211/0117.htm
590 _aWB
650 _aRURAL COMMUNITIES
650 _aAffordable housing
_96215
650 _aHOUSING CRISIS
650 _aHOUSE PRICES
650 _aWAGES
690 _aHOUSING
942 _n0
999 _c71557
_d71557